| 000 | 00721nam a22001337a 4500 | ||
|---|---|---|---|
| 040 | _cRUA | ||
| 082 | _aAVM EL 2011 B100 Or.1 | ||
| 100 | _aEL, SOPHAL. | ||
| 245 | _aUtilization of mulberry leaves and ensiled taro on digestibility and nitrogen balance of local crossbred pig, ការប្រាស់ស្លឹកមន និងត្រាវផ្អាប់លើភាពរលាយអាហារ និងតុល្យផាពអាសូតរបស់ជ្រូកកូនកាត់ក្នុងស្រុក. | ||
| 260 |
_aphnom phen _bRUA _c2011 |
||
| 300 |
_aIV,41p. _bill. _c29cm. |
||
| 856 | _uhttps://drive.google.com/file/d/1ayJ2v1jj-DBu_HEoIP3VebwWDjE6jtHQ/view?usp=sharing | ||
| 942 | _cAVM | ||
| 999 |
_c2522 _d2522 |
||